Повышение эффективности мясного скотоводства (Запись № 3708121)

Подробности
000 -МАРКЕР
контрольное поле 08609nas1a22007211i 4500
001 - ИДЕНТИФИКАТОР ЗАПИСИ
контрольное поле RU\NLR\INFOCOMM18\1000239155
005 - ИДЕНТИФИКАТОР ВЕРСИИ
контрольное поле 20260406124008.0
035 ## - ДРУГИЕ СИСТЕМНЫЕ НОМЕРА
Идентификатор записи (NLR Aleph) 002631850
100 ## - ДАННЫЕ ОБЩЕЙ ОБРАБОТКИ
Данные общей обработки 20050207b19311979|||y0rusy50 ca
101 0# - ЯЗЫК РЕСУРСА
Язык текста, звукозаписи и т.д. русский
102 ## - СТРАНА ПУБЛИКАЦИИ ИЛИ ПРОИЗВОДСТВА
Страна публикации Российская Федерация
110 ## - ПОЛЕ КОДИРОВАННЫХ ДАННЫХ: ПРОДОЛЖАЮЩИЕСЯ РЕСУРСЫ
Кодированные данные продолжающегося ресурса zyu||||0|y0
200 1# - ЗАГЛАВИЕ И СВЕДЕНИЯ ОБ ОТВЕТСТВЕННОСТИ
Основное заглавие Повышение эффективности мясного скотоводства
Сведения, относящиеся к заглавию Труды
Первые сведения об ответственности ВНИИ мясн. скотоводства
210 ## - ПУБЛИКАЦИЯ, РАСПРОСТРАНЕНИЕ И ДР.
Место издания, распространения и т.д. Оренбург
Дата издания, распространения и т.д. 1931 - 1979
300 ## - ОБЩИЕ ПРИМЕЧАНИЯ
Текст примечания В надзаг. также: М-во сел. хоз-ва СССР
300 ## - ОБЩИЕ ПРИМЕЧАНИЯ
Текст примечания После Т. 24 (1979) выходит ненум. темат. сборниками (Описания см. в каталоге книг под загл. каждого сборника)
430 #0 - ПРОДОЛЖЕН
Встроенное поле 2001#$aТруды Оренбургского научно-исследовательского института мясного скотоводства
-- 71002$3RU\NLR\AUTH\8816857$aОренбургский НИИ молочно-мясного скотоводства
Заглавие Труды Оренбургского научно-исследовательского института мясного скотоводства
Автор Оренбургский НИИ молочно-мясного скотоводства
430 #0 - ПРОДОЛЖЕН
Встроенное поле 2001#$aСборник научно-исследовательских работ Чкаловского научно-исследовательского института молочно-мясного скотоводства
-- 71002$3RU\NLR\AUTH\8816857$aОренбургский НИИ молочно-мясного скотоводства
Заглавие Сборник научно-исследовательских работ Чкаловского научно-исследовательского института молочно-мясного скотоводства
Автор Оренбургский НИИ молочно-мясного скотоводства
430 #0 - ПРОДОЛЖЕН
Встроенное поле 2001#$aСборник трудов
-- 71002$3RU\NLR\AUTH\8816857$aОренбургский НИИ молочно-мясного скотоводства
Заглавие Сборник трудов
Автор Оренбургский НИИ молочно-мясного скотоводства
430 #0 - ПРОДОЛЖЕН
Встроенное поле 2001#$aТруды
-- 71002$3RU\NLR\AUTH\8816857$aОренбургский НИИ молочно-мясного скотоводства
Заглавие Труды
Автор Оренбургский НИИ молочно-мясного скотоводства
430 #0 - ПРОДОЛЖЕН
Встроенное поле 2001#$aПроблемы мясного скотоводства
Заглавие Проблемы мясного скотоводства
488 #0 - ДРУГИЕ ВЗАИМОСВЯЗАННЫЕ ПРОИЗВЕДЕНИЯ (ДОКУМЕНТЫ)
Встроенное поле 2001#$aВестник мясного скотоводства
Заглавие Вестник мясного скотоводства
712 02 - НАИМЕНОВАНИЕ ОРГАНИЗАЦИИ - ВТОРИЧНАЯ ОТВЕТСТВЕННОСТЬ
Код отношения Прочие
Начальный элемент ввода ВНИИ мясного скотоводства
Идентифицирующий признак Оренбург
Системный номер авторитетной/нормативной записи 306978
Идентификатор авторитетной/нормативной записи RU\NLR\AUTH\8816858
801 #1 - ИСТОЧНИК ЗАПИСИ
Страна Российская Федерация
Организация InfoComm
Дата составления 20050207
801 #0 - ИСТОЧНИК ЗАПИСИ
Страна Российская Федерация
Организация NLR
Правила каталогизации PSBO
852 ## - МЕСТОНАХОЖДЕНИЕ И ШИФР ХРАНЕНИЯ
Идентификатор организации NLR
Шифр хранения (Call Number) П13/307
942 ## - ДОПОЛНИТЕЛЬНЫЕ ЭЛЕМЕНТЫ ЗАПИСИ (АБИС)
Тип экземпляра АБИС Продолжающееся издание
980 ## - КОЛЛЕКЦИЯ
Название коллекции Русская периодика

Нет доступных экземпляров.